| 000 | 00539nam a22001817a 4500 | ||
|---|---|---|---|
| 005 | 20250926112712.0 | ||
| 010 | _aENG-146863 | ||
| 020 |
_a9789369588718 _c575.00 |
||
| 035 | _aEN-130395 | ||
| 037 | _bDBAD | ||
| 082 |
_21 _a000 |
||
| 100 |
_aRani Singh _985218 |
||
| 245 |
_aSamundramanthan of Vocabulary/ _cRani Singh |
||
| 260 |
_aUttar Pradesh _bS. Chand Publishing _c2025 |
||
| 270 |
_aD-92, Sector-2, Noida _bUttar Pradesh _e201301 _k61-120-4682700 |
||
| 300 |
_a470p. _c27cm(pb) |
||
| 942 |
_2ddc _cEN _h000 _mRAN |
||
| 999 |
_c213467 _d213467 |
||